| 000 | nam a22 7a 4500 | ||
|---|---|---|---|
| 999 |
_c234192 _d234192 |
||
| 003 | Nust | ||
| 005 | 20170315122328.0 | ||
| 008 | 170315b xxu||||| |||| 00| 0 eng d | ||
| 040 | _c0 | ||
| 082 | _a5491 | ||
| 100 | _4Humayun Akhtar Khan | ||
| 245 |
_aRoad map to Pakistan's recovery _bpeace, prosperity, justice for all _cHumayun Akhtar Khan |
||
| 260 |
_aLahore _bPakistan Muslim League _c2011 |
||
| 300 | _a135p | ||
| 942 |
_2ddc _cBK |
||